00619 2200229 4500001002100000005001700021008004100038035002400079040001200103082000800115090001500123100001700138245005600155260004200211300003000253650001000283850001200293990002100305990002100326990002100347990002100368YOGYA-0209000007130320090227093531.0 ind  0010-020900000071303 aYOPDYOG a297 a297bHar E aHARAHAP,Rudy a40 esai keinginan hati pejalan ruhanicRudy Harahap aJakartabGrafindo khazanah Ilmuc2004 axiv, 236 hlmbilusc20 cm aIslam aYOPDYOG a34852-PD/A.08b1 a34851-PD/A.08b1 a34850-PD/A.08b1 a34849-PD/A.08b1